El historiador y su tiempo /
| Autor principal: | |
|---|---|
| Formato: | Revista |
| Lenguaje: | inglés |
| Publicado: |
Santiago, Chile
Dirección de Bibliotecas Archivos y Museos
1992
|
MARC
| LEADER | 00000cas a2200000 a 4500 | ||
|---|---|---|---|
| 001 | 035461 | ||
| 003 | UAHC_CL | ||
| 005 | 20170803123850.0 | ||
| 008 | 051226b xx j 000 1 eng | ||
| 040 | |a UAHC_CL |c UAHC_CL |d UAHC_CL | ||
| 100 | 1 | |a Bascuñán E., Carlos | |
| 245 | 1 | 3 | |a El historiador y su tiempo / |c Carlos Bascuñan E. |
| 260 | |b Dirección de Bibliotecas Archivos y Museos |c 1992 |a Santiago, Chile | ||
| 300 | |a pp. 161-168 | ||
| 900 | |a MAPOCHO-32/92 | ||
| 942 | |c REV | ||
| 999 | |c 35461 |d 35461 | ||